000 00694caa a2200205 4500
999 _c459266
_d459266
001 216217987
003 UA-OsUOA
005 20200517235957.0
008 200517b un ||||| |||| 00| 0 ukr d
040 _aUA-OsUOA
_bukr
_cUA-OsUOA
_dUA-OsUOA
041 _aukr
080 _a908
090 _a908
100 _aБондарчук Я.
245 _aОстрозький художник Василь Костянтинович Авер’янов
_cЯ. Бондарчук
300 _aС. 250–261
650 _2UDC
773 0 _0399318
_9416566
_dОстрог НаУОА 2014
_o148881
_tОстрозький краєзнавчий збірник
_w(UA-OsUOA) 113461
942 _2udc
_cBKA